[Event "Tasnad op"]
[Site "Tasnad"]
[Date "2018.09.13"]
[Round "4"]
[White "Muller, Wilhelm"]
[Black "Herlea, Ioan"]
[Result "1-0"]
[WhiteElo "1914"]
[BlackElo "1372"]
[PlyCount "53"]
[EventDate "2018.09.11"]
[EventType "swiss"]
[EventRounds "9"]
[EventCountry "ROU"]
[SourceTitle "CBM 186 Extra"]
[Source "ChessBase"]
[SourceDate "2018.08.24"]
[SourceVersion "1"]
[SourceVersionDate "2018.08.24"]
[SourceQuality "1"]

1. g3 d5 2. d4 Bf5 3. Bg2 e6 4. c4 c6 5. Nf3 Nd7 6. Nbd2 Rc8 7. c5 h6 8. 0-0 g5 9. b4 b5 10. a4 Qc7 11. Bb2 Ngf6 12. Ne5 Bg7 13. axb5 cxb5 14. Ra6 Nxe5 15. dxe5 Nd7 16. e4 Bg6 17. exd5 exd5 18. Bxd5 0-0 19. Rxg6 Nxe5 20. Rxg7+ Kxg7 21. f4 gxf4 22. gxf4 f6 23. fxe5 fxe5 24. Qh5 Rxf1+ 25. Kxf1 Rf8+ 26. Ke2 Re8 27. Qxe8 1-0